03488 2200589 4500001002100000005001500021035002000036008004100056020001900097041000800116082001000124084001600134100001800150245009100168250001000259260003400269300002600303520173000329650001202059700003602071700002902107990002502136990002502161990002602186990002602212990002502238990002502263990002502288990002602313990002602339990002502365990002502390990002502415990002602440990002602466990002502492990002602517990002502543990002502568990002602593990002502619990002502644990002502669990002502694990002602719990002602745990002602771990002502797990002502822990002602847990002502873INLIS00000000000686120221027082607 a0010-0520006861221027 | | ind  a979-3047-27--5 aind a332.1 a332.1 PER c0 aPerkins, John1 aConfessions of an Economic Hit Man :bPengakuan Seorang Ekonom Perusak /cJohn Perkins aCet.1 aJakarta :bAbdi Tandur,c2005 axiii, 278 p. ;c24 cm aBuku ini menceritakan bagaimana Amerika berubah dari republik yang dihormati menjadi kerajaan yang ditakuti. Dalam cerita pribadi yang memukau ini, Perkins menceritakan perjuangan pribadinya dari seorang pelayan kerajaan menjadi pejuang yang gigih untuk hak asasi manusia dan orang-orang tertindas. Sebagai hasil rekruitmen terselubung oleh United States National Security Agency dan tercantum sebagai penerima gaji dari perusahaan konsultan internasional, dia berkelana ke berbagai pelosok dunia-ke Indonesia, Panama, Ekuador, Kolombia, Saudi Arabia, Iran dan negara strategis lainnya. Pekerjaannya adalah menerapkan kebijakan yang mempromosikan kepentingan korporatokrasi (koalisi pemerintah, bank dan korporasi) Amerika Serikat, sambil menyatakan minat mengurangi kemiskinan-suatu kebijakan yang sebenarnya mengasingkan berbagai bangsa serta menyebabkan peristiwa 11 September dan meningkatkan Anti-Amerika.Cerita dari Perkins menjelaskan seberapa jauh dia dan teman-temannya yang mereka sebut sebagai Economic Hit Man bersedia terlibat. Dia menerangkan, misalnya bagaimana dia membantu penerapan skema yang akan mengucurkan jutaan dolar dari Saudi Arabia kembali le ekonomi Amerika Serikat, sekaligus juga mempererat hubungan fundamentalis di Saudi Arabia dengan pemerintah Amerika. Perkins memaparkan berbagai cara tersebunyi dari kerajaan untuk mengendalikan sejumlah peristiwa dramatis dalam sejarah, seperti kejatuhan Shah Iran, kematian presiden Panama Omar Torrijos, dan invasi Amerika ke Panama dan Irak. Confessions of an economic hit man-yang diperingatkan oleh banyak orang agar tidak ditulis-mengemukakan pengetahuan tentang sistem yang memacu globalisasi dan memicu kemiskinan jutaan manusia di seluruh dunia. 4aEkonomi0 aHerman Tirtaatmaha (Penerjemah)0 aDwi Karyani (Penerjemah) a14969/MKRI-P/XI-2009 a14967/MKRI-P/XI-2009 a08518/MKRI-P/XII-2008 a08517/MKRI-P/XII-2008 a14968/MKRI-P/XI-2009 a14969/MKRI-P/XI-2009 a14967/MKRI-P/XI-2009 a08518/MKRI-P/XII-2008 a08517/MKRI-P/XII-2008 a14968/MKRI-P/XI-2009 a14967/MKRI-P/XI-2009 a14969/MKRI-P/XI-2009 a08518/MKRI-P/XII-2008 a08517/MKRI-P/XII-2008 a14968/MKRI-P/XI-2009 a08517/MKRI-P/XII-2008 a14969/MKRI-P/XI-2009 a14967/MKRI-P/XI-2009 a08518/MKRI-P/XII-2008 a14968/MKRI-P/XI-2009 a14968/MKRI-P/XI-2009 a14969/MKRI-P/XI-2009 a14967/MKRI-P/XI-2009 a08518/MKRI-P/XII-2008 a08517/MKRI-P/XII-2008 a08518/MKRI-P/XII-2008 a14969/MKRI-P/XI-2009 a14967/MKRI-P/XI-2009 a08517/MKRI-P/XII-2008 a14968/MKRI-P/XI-2009